Online
Catalog

La révolution de Haiti / (Record no. 44046)

MARC details
000 -CABECERA
campo de control de longitud fija 01141nam a2200289 a 4500
001 - NÚMERO DE CONTROL
campo de control 000044557
003 - IDENTIFICADOR DEL NÚMERO DE CONTROL
campo de control DO-SdBNP
005 - FECHA Y HORA DE LA ÚLTIMA TRANSACCIÓN
campo de control 20250307123728.0
008 - DATOS DE LONGITUD FIJA--INFORMACIÓN GENERAL
campo de control de longitud fija 140716s1995 enkab 000 0 spa d
020 ## - NÚMERO INTERNACIONAL ESTÁNDAR DEL LIBRO
Número Internacional Estándar del Libro 2865375714
040 ## - FUENTE DE LA CATALOGACIÓN
Centro catalogador/agencia de origen DO-SdBNP
Lengua de catalogación spa
Centro/agencia transcriptor BNPHU
082 ## - NÚMERO DE LA CLASIFICACIÓN DECIMAL DEWEY
Número de clasificación 972.94
Número de documento/Ítem L147r
100 1# - ENTRADA PRINCIPAL--NOMBRE DE PERSONA
Nombre de persona Lacroix, Pamphile de
Títulos y otros términos asociados al nombre vicomte de,
Fechas asociadas al nombre 1774-1842
9 (RLIN) 72569
240 10 - TÍTULO UNIFORME
Título uniforme Mémoires pour servir à l'histoire de la Révolution de Saint-Domingue
245 13 - MENCIÓN DE TÍTULO
Título La révolution de Haiti /
Mención de responsabilidad, etc. Pamphile de Lacroix ; edition présentée et annotée par Pierre Pluchon.
260 ## - PUBLICACIÓN, DISTRIBUCIÓN, ETC.
Lugar de publicación, distribución, etc. Paris :
Nombre del editor, distribuidor, etc. Karthala,
Fecha de publicación, distribución, etc. 1995.
300 ## - DESCRIPCIÓN FÍSICA
Extensión 525 p. :
Otras características físicas il., mapas ;
Dimensiones 24 cm.
490 1# - MENCIÓN DE SERIE
Mención de serie Relire
500 ## - NOTA GENERAL
Nota general Publicado originalmente : Mémoires pour servir à l'histoire de la Révolution de Saint-Domingue. Paris :Pamphile de Lacroix, 1819.
600 14 - PUNTO DE ACCESO ADICIONAL DE MATERIA--NOMBRE DE PERSONA
Nombre de persona LACROIX, PAMPHILE,
Títulos y otros términos asociados al nombre VICOMTE DE,
Fechas asociadas al nombre 1774-1842
9 (RLIN) 72570
650 #4 - PUNTO DE ACCESO ADICIONAL DE MATERIA--TÉRMINO DE MATERIA
Término de materia o nombre geográfico como elemento de entrada Generales
Subdivisión geográfica Francia
Subdivisión general Biografías
9 (RLIN) 72572
651 #4 - PUNTO DE ACCESO ADICIONAL DE MATERIA--NOMBRE GEOGRÁFICO
Nombre geográfico Haití
Subdivisión general Historia
Subdivisión cronológica REVOLUCIÓN, 1791-1804
9 (RLIN) 9645
700 12 - PUNTO DE ACCESO ADICIONAL--NOMBRE DE PERSONA
Nombre de persona Pluchon, Pierre,
Término indicativo de función/relación ed.
9 (RLIN) 8648
830 #0 - PUNTO DE ACCESO ADICIONAL DE SERIE-TÍTULO UNIFORME
Título uniforme Relire
9 (RLIN) 72573
910 ## - DATOS DE OPCIÓN DEL USUARIO (OCLC)
Datos de opción del usuario Validado. Control de calidad MFF
942 ## - ELEMENTOS DE PUNTO DE ACCESO ADICIONAL (KOHA)
Fuente del sistema de clasificación o colocación Dewey Decimal Classification
Tipo de ítem Koha Libro
Holdings
Estado de retiro Estado de pérdida Restricciones de uso No para préstamo Código de colección Localización permanente Ubicación/localización actual Ubicación en estantería Fecha de adquisición Número de inventario Total de préstamos Signatura topográfica completa Código de barras Fecha visto por última vez Precio válido a partir de Tipo de ítem Koha
      Excluido de préstamo Monografías: Libros y Folletos General General Depósito 16.07.2014 LF1   972.94 L147r 44557-10 25.06.2020 25.06.2020 No se presta

Powered by Koha